LEADER 02076oam 2200457M 450 001 9910715997803321 005 20191123062439.3 035 $a(CKB)5470000002516112 035 $a(OCoLC)1062821940 035 $a(OCoLC)995470000002516112 035 $a(EXLCZ)995470000002516112 100 $a20070221d1864 ua 0 101 0 $aeng 135 $aurcn||||||||| 181 $ctxt$2rdacontent 182 $cc$2rdamedia 183 $acr$2rdacarrier 200 10$aColored schools in the District of Columbia. Letter from Daniel Breed, chairman of the Board of Trustees of Colored Schools in the District of Columbia, in answer to a resolution of the House of March 4, 1864. March 11, 1864. -- Referred to the Committee for the District of Columbia and ordered to be printed 210 1$a[Washington, D.C.] :$c[U.S. Government Printing Office],$d1864. 215 $a1 online resource (2 pages) 225 1 $aMis. doc. / 38th Congress, 1st session. House ;$vno. 48 225 1 $a[United States congressional serial set ] ;$v[serial no. 1200] 300 $aBatch processed record: Metadata reviewed, not verified. Some fields updated by batch processes. 300 $aFDLP item number not assigned. 606 $aAfrican Americans$xEducation 606 $aProperty tax 606 $aPublic schools 608 $aLegislative materials.$2lcgft 615 0$aAfrican Americans$xEducation. 615 0$aProperty tax. 615 0$aPublic schools. 701 $aBreed$b Daniel$01409534 712 02$aBoard of Trustees of Colored Schools of Washington and Georgetown, D.C. 801 0$bWYU 801 1$bWYU 801 2$bOCLCO 801 2$bOCLCQ 906 $aBOOK 912 $a9910715997803321 996 $aColored schools in the District of Columbia. Letter from Daniel Breed, chairman of the Board of Trustees of Colored Schools in the District of Columbia, in answer to a resolution of the House of March 4, 1864. March 11, 1864. -- Referred to the Committee for the District of Columbia and ordered to be printed$93496193 997 $aUNINA LEADER 03878 am 2200913 n 450 001 9910227357903321 005 20171023 010 $a2-7226-0467-1 024 7 $a10.4000/books.cdf.4987 035 $a(CKB)4100000000883741 035 $a(FrMaCLE)OB-cdf-4987 035 $a(oapen)https://directory.doabooks.org/handle/20.500.12854/42086 035 $a(PPN)267951809 035 $a(EXLCZ)994100000000883741 100 $a20171023j|||||||| ||| 0 101 0 $afre 135 $auu||||||m|||| 181 $ctxt$2rdacontent 182 $cc$2rdamedia 183 $acr$2rdacarrier 200 10$aBig data et traçabilité numérique $eLes sciences sociales face à la quantification massive des individus /$fPierre-Michel Menger, Simon Paye 210 $aParis $cCollège de France$d2017 215 $a1 online resource (218 p.) 311 $a2-7226-0466-3 330 $aLes traces numériques de l?activité des individus, des entreprises, des administrations, des réseaux sociaux sont devenues un gisement considérable. Comment ces données sont-elles prélevées, stockées, valorisées, et vendues ? Et que penser des algorithmes qui convertissent en outil de contrôle et de persuasion l?information sur les comportements, les actes de travail et les échanges ? Les big data sont-elles à notre service ou font-elles de nous les rouages consentants du capitalisme informationnel et relationnel ? Les sciences sociales enquêtent sur les enjeux sociaux, éthiques, politiques et économiques de ces transformations. Mais elles sont elles aussi de plus en plus consommatrices de données numériques de masse. Cet ouvrage collectif explore l?expansion de la traçabilité numérique dans ces deux dimensions, marchande et scientifique. L?ouvrage est dirigé par Pierre-Michel Menger, professeur au Collège de France et titulaire de la chaire « Sociologie du travail créateur », et par Simon Paye, maître de conférences à l?université de Lorraine, sociologue du travail et des groupes professionnels. 606 $aSocial Sciences, Interdisciplinary 606 $aSociology 606 $aBig data 606 $adonnées massives 606 $ascience des données 606 $asciences sociales 606 $asociologie 606 $aInternet 606 $asociologie du travail 606 $aBig Data 606 $asociology 606 $aWeb 606 $adata sciences 606 $asocial sciences 610 $aWeb 610 $adata sciences 610 $asocial sciences 610 $asociology 610 $aBig Data 615 4$aSocial Sciences, Interdisciplinary 615 4$aSociology 615 4$aBig data 615 4$adonnées massives 615 4$ascience des données 615 4$asciences sociales 615 4$asociologie 615 4$aInternet 615 4$asociologie du travail 615 4$aBig Data 615 4$asociology 615 4$aWeb 615 4$adata sciences 615 4$asocial sciences 700 $aBeuscart$b Jean-Samuel$01298694 701 $aBoullier$b Dominique$0801430 701 $aCochoy$b Franck$01298695 701 $aDagiral$b Éric$01298696 701 $aDenis$b Jérôme$0984378 701 $aGoëta$b Samuel$01298697 701 $aHarcourt$b Bernard E$01298698 701 $aMenger$b Pierre-Michel$0945753 701 $aParasie$b Sylvain$01298699 701 $aPaye$b Simon$01298700 701 $aPontille$b David$01236327 701 $aTiffon$b Guillaume$01298701 701 $aTorny$b Didier$01298702 701 $aVayre$b Jean-Sébastien$01298703 701 $aMenger$b Pierre-Michel$0945753 701 $aPaye$b Simon$01298700 801 0$bFR-FrMaCLE 906 $aBOOK 912 $a9910227357903321 996 $aBig data et traçabilité numérique$93024928 997 $aUNINA